000 00432nam a2200181Ia 4500
001 3520
005 20260306145649.0
008 260306t2009||||xx |||||||||||||| ||spa||
041 _aESP
082 _a285
_bU61 2009
100 _aUniversidad Politécnica Salesiana
_eAUT
245 0 _aPastoral universitaria:
_bmarco refencial
260 _c2009
300 _a
_c
650 _aGEN
654 _aCHU
942 _cLIB
_dJUS
_fJUS
_2ddc
_n
999 _c3520
_d3520